Cargando…
Spinoza
| Clasificación: | B3998 H3.88 |
|---|---|
| Autor principal: | |
| Formato: | Libro |
| Idioma: | Español |
| Publicado: |
Madrid :
Alianza,
c1982
|
| Colección: | Alianza Universidad ;
323 |
| Temas: |
MARC
| LEADER | 00000nam a2900000 4500 | ||
|---|---|---|---|
| 001 | 000073301 | ||
| 005 | 20061219223600.0 | ||
| 008 | 981301t 1982 000 spa d | ||
| 050 | 4 | |a B3998 |b H3.88 | |
| 090 | |a B3998 |b H3.88 | ||
| 100 | 1 | |a Hampshire, Stuart, |d 1914- | |
| 245 | 1 | |a Spinoza | |
| 260 | |a Madrid : |b Alianza, |c c1982 | ||
| 300 | |a 170 p. | ||
| 440 | 0 | |a Alianza Universidad ; |v 323 | |
| 650 | 4 | |a Spinoza, Benedictus de, 1632-1677 | |
| 905 | |a LIBROS | ||
| 902 | |a Laura M. Hermenegildo C. | ||
| 949 | |a Biblioteca UAM Iztapalapa |b Colección General |c B3998 H3.88 | ||